000 00514nam a22001697a 4500
999 _c62248
_d62248
005 20240905151255.0
008 240903c2002 enk||||| |||| 00| 0 eng d
022 _a 0149 9246
041 _aeng
245 _aHastings International and Comparative Law Review :
_b2002 /
_cEditor D. Kubasak.
260 _aCalifornia,
_c2002.
300 _aV.
653 _a სამართალი
653 _aპერიოდიკა
700 _aKubasak, D.
_eრედაქტორი
_923153
942 _2udc
_cCR